Statistics for 2018-19 Premier League Final Table

Click here to take the quiz!

General Stats

  • This quiz has been taken 22 times
  • The average score is 15 of 20

Answer Stats

PositionTeamWonDrewLostGF/GAGDPoints% Correct
5Arsenal2171073/512270
100%
3Chelsea219863/392472
100%
2Liverpool307189/226797
100%
1Manchester City322495/237298
100%
6Manchester United1991065/541166
100%
4Tottenham Hotspur2321367/392871
100%
7Wolverhampton Wanderers1691347/46157
75%
8Everton1591454/46854
69%
19Fulham752634/81-4726
69%
13Newcastle United1291742/48-645
69%
10West Ham United1571652/55-352
69%
17Brighton & Hove Albion992035/60-2536
63%
12Crystal Palace1471751/53-249
63%
20Huddersfield Town372822/76-5416
63%
9Leicester City1571651/48352
63%
15Burnley1172045/68-2340
56%
16Southampton9121745/65-2039
56%
18Cardiff City1042434/69-3534
50%
11Watford1481652/59-750
50%
14Bournemouth1361956/70-1445
44%

Score Distribution

Percentile by Number Answered

Percent of People with Each Score

Your Score History

You have not taken this quiz